Borges the poet
Uloženo v:
| Hlavní autor: | |
|---|---|
| Další autoři: | |
| Médium: | Neznámo |
| Vydáno: |
Fayetteville, Arkansas
University of Arkansas Press
1986
|
| Témata: | |
| Tagy: |
Přidat tag
Žádné tagy, Buďte první, kdo vytvoří štítek k tomuto záznamu!
|
MARC
| LEADER | 000000000a22000000004500 | ||
|---|---|---|---|
| 001 | 001990 | ||
| 020 | |a 0938626485 | ||
| 041 | 0 | |a inglés | |
| 092 | 0 | |a Ar861.08D B732c | |
| 700 | 1 | 2 | |a Cortínez Fontecilla, Carlos |e editor |
| 100 | 1 | |a Borges, Jorge Luis |d 1899-1986 | |
| 245 | 1 | 0 | |a Borges the poet |
| 260 | |a Fayetteville, Arkansas |b University of Arkansas Press |c 1986 | ||
| 300 | |a x, 353 páginas | ||
| 500 | |a número de inscripción 06128 | ||
| 600 | 4 | |a BORGES, JORGE LUIS, 1899-1986 | |
| 650 | 4 | |a CRITICAS | |
| 999 | |c 2873 |d 2873 | ||



